The Management of Strategic: (Record no. 4061)
[ view plain ]
| 000 -LEADER | |
|---|---|
| fixed length control field | 00616nam a22001937a 4500 |
| 005 - DATE AND TIME OF LATEST TRANSACTION | |
| control field | 20250221191958.0 |
| 008 - FIXED-LENGTH DATA ELEMENTS--GENERAL INFORMATION | |
| fixed length control field | 250221b |||||||| |||| 00| 0 eng d |
| 020 ## - INTERNATIONAL STANDARD BOOK NUMBER | |
| International Standard Book Number | 9780538753210 |
| 050 ## - LIBRARY OF CONGRESS CALL NUMBER | |
| Classification number | HD30.28 IRE |
| 100 ## - MAIN ENTRY--PERSONAL NAME | |
| Personal name | Ireland R. Duane |
| 245 ## - TITLE STATEMENT | |
| Title | The Management of Strategic: |
| Remainder of title | Concepts/ |
| Statement of responsibility, etc. | R. Duane Ireland, Robert E. Hoskisson & Michael A. Hitt |
| 250 ## - EDITION STATEMENT | |
| Edition statement | 9th Ed. |
| 260 ## - PUBLICATION, DISTRIBUTION, ETC. | |
| Place of publication, distribution, etc. | Australia |
| Name of publisher, distributor, etc. | South-Western/Cengage Learning |
| Date of publication, distribution, etc. | 2011 |
| 300 ## - PHYSICAL DESCRIPTION | |
| Extent | xxii. (various pagings) |
| Other physical details | ill. col. |
| Dimensions | 24 cm |
| 650 ## - SUBJECT ADDED ENTRY--TOPICAL TERM | |
| Source of heading or term | Management |
| 700 ## - ADDED ENTRY--PERSONAL NAME | |
| Personal name | Hoskisson Robert E. |
| 700 ## - ADDED ENTRY--PERSONAL NAME | |
| Personal name | Hitt Michael A. |
| 942 ## - ADDED ENTRY ELEMENTS (KOHA) | |
| Source of classification or shelving scheme | Library of Congress Classification |
| Koha item type | Books |
| Edition | 9th Ed. |
| Suppress in OPAC | No |
| 999 ## - | |
| -- | 4061 |
| -- | 4061 |
| Withdrawn status | Lost status | Source of classification or shelving scheme | Damaged status | Not for loan | Collection | Home library | Current library | Shelving location | Date acquired | Total checkouts | Full call number | Barcode | Date last seen | Copy number | Price effective from | Koha item type |
|---|---|---|---|---|---|---|---|---|---|---|---|---|---|---|---|---|
| Library of Congress Classification | Non-fiction | Business Library (Miotso) | Business Library (Miotso) | General stacks | 02/21/2025 | HD30.28 IRE | BSSM00000898 | 02/21/2025 | 1 | 02/21/2025 | Books | |||||
| Library of Congress Classification | Non-fiction | Business Library (Miotso) | Business Library (Miotso) | General stacks | 02/21/2025 | HD30.28 IRE | BSSM00000899 | 02/21/2025 | 2 | 02/21/2025 | Books | |||||
| Library of Congress Classification | Graduate Library (Christ Temple) | Graduate Library (Christ Temple) | General stacks | 03/28/2025 | HD 30.28 IRE | gsct00000941 | 03/28/2025 | 1 | 03/28/2025 | Books | ||||||
| Library of Congress Classification | Graduate Library (Christ Temple) | Graduate Library (Christ Temple) | General stacks | 03/28/2025 | HD 30.28 IRE | gsct00000942 | 03/28/2025 | 2 | 03/28/2025 | Books | ||||||
| Library of Congress Classification | Graduate Library (Christ Temple) | Graduate Library (Christ Temple) | General stacks | 03/28/2025 | HD 30.28 IRE | gsct00000943 | 03/28/2025 | 3 | 03/28/2025 | Books | ||||||
| Library of Congress Classification | Graduate Library (Christ Temple) | Graduate Library (Christ Temple) | General stacks | 03/28/2025 | HD 30.28 IRE | gsct00000944 | 03/28/2025 | 4 | 03/28/2025 | Books | ||||||
| Library of Congress Classification | Graduate Library (Christ Temple) | Graduate Library (Christ Temple) | General stacks | 03/28/2025 | HD 30.28 IRE | gsct00000945 | 03/28/2025 | 5 | 03/28/2025 | Books | ||||||
| Library of Congress Classification | Non-fiction | Undergraduate Library (Christ Temple) | Undergraduate Library (Christ Temple) | General stacks | 04/07/2025 | HD30.28 IRE | ulct00002108 | 04/07/2025 | 1 | 04/07/2025 | Books |